Normal view MARC view
  • Lois González, Marta

Entry Nombre Personal

Number of records used in: 1

001 - NUMERO DE CONTROL

  • campo de control: 47803

003 - IDENTIFICADOR DE NUMERO DE CONTROL

  • campo de control: UPN

005 - FECHA Y HORA DE LA ÜLTIMA TRANSACCIÓN

  • campo de control: 20230213123723.0

008 - DATOS DE LONGITUD FIJA

  • campo de control de longitud fija: 230213|||az|nnaaan a aaa d

040 ## - FUENTE DE CATALOGACIÓN

  • Agencia original de catalogación: MX-MxUPN
  • Lenguaje de catalogación: spa
  • Description conventions: rda

100 1# - ENCABEZAMIENTO - NOMBRE PERSONAL

  • Nombre personal: Lois González, Marta

374 ## - OCUPACIÓN

  • Occupation: Traductores
  • Source of information: lemb

400 1# - VEÁSE - NOMBRE DE PERSONA

  • Personal name: González, Marta Lois

670 ## - FUENTE EN LA QUE SE LOCALIZARON DATOS

  • Cita de la fuente: Vindicación de los derechos de las mujeres, 2014:
  • Información localizada: portada (traducción de Marta Lois Gonzalez)

902 ## - CATALOGADOR

  • Catalogador: VíctorGodínez/130223